000 00709nam a22002417a 4500
942 _cBK
999 _c584
_d584
005 20250420134817.0
008 200810b ||||| |||| 00| 0 eng d
020 _a9780718196783
040 _cKCST
082 _a909.04927
_bRo Ar
100 _aRogan, Eugene L.
_94985
245 _aThe Arabs :
_ba history /
_cEugene L Rogan
250 _a2nd edition
_bFull updated
260 _aLondon, England :
_bPenguin Books,
_c2012.
300 _ax, 713 pages:
_billustrations (certain colour);
_c20 c,
650 _aArab countries
_vHistory
_94986
650 _aArab nationalism
_94987
650 _aOil
_94988
650 _aIndustry and trade
_94989
650 _aArab States
_94990
942 _2ddc